[Event "Pinamar Mayor CADA op"]
[Site "Pinamar"]
[Date "2017.09.17"]
[Round "4"]
[White "Romero, Fabian"]
[Black "Mazur, Mario"]
[Result "0-1"]
[WhiteElo "1839"]
[BlackElo "1993"]
[PlyCount "66"]
[EventDate "2017.09.15"]
[EventType "swiss"]
[EventRounds "6"]
[EventCountry "ARG"]
[SourceTitle "EXT 2024"]
[Source "ChessBase"]
[SourceDate "2023.10.10"]
[SourceVersion "1"]
[SourceVersionDate "2023.10.10"]
[SourceQuality "1"]

1. e4 c5 2. Nf3 e6 3. d4 cxd4 4. Nxd4 a6 5. Bd3 Nf6 6. 0-0 Qc7 7. Kh1 Nc6 8. c3 Bc5 9. Be3 d6 10. Qe2 Bd7 11. f4 b5 12. a3 Rc8 13. Nd2 Qa7 14. N2b3 Nxd4 15. cxd4 Bb6 16. e5 Nd5 17. exd6 Qb8 18. Nc5 Qxd6 19. b4 Nxe3 20. Qxe3 0-0 21. f5 Rfd8 22. f6 Bc6 23. Rad1 g6 24. Rf4 Bxc5 25. dxc5 Qd5 26. Qh3 h5 27. Qg3 e5 28. Rf5 Qxg2+ 29. Qxg2 Bxg2+ 30. Kxg2 gxf5 31. Be2 Rxd1 32. Bxd1 h4 33. Bf3 e4 0-1

[Event "Pinamar Mayor CADA op"]
[Site "Pinamar"]
[Date "2017.09.16"]
[Round "2"]
[White "Daneri, Martin"]
[Black "Romero, Fabian"]
[Result "1-0"]
[WhiteElo "2077"]
[BlackElo "1839"]
[PlyCount "105"]
[EventDate "2017.09.15"]
[EventType "swiss"]
[EventRounds "6"]
[EventCountry "ARG"]
[SourceTitle "EXT 2024"]
[Source "ChessBase"]
[SourceDate "2023.10.10"]
[SourceVersion "1"]
[SourceVersionDate "2023.10.10"]
[SourceQuality "1"]

1. c4 e5 2. Nc3 b6 3. Nf3 Nc6 4. e3 Nf6 5. Be2 Be7 6. 0-0 0-0 7. d4 exd4 8. exd4 d5 9. Qa4 Bb7 10. Rd1 dxc4 11. Bxc4 Na5 12. Be2 Nd5 13. Nxd5 Qxd5 14. Be3 Qf5 15. Rac1 Qe4 16. Rxc7 Bc6 17. Bb5 Bxb5 18. Qxb5 Bd6 19. Rc3 Rfc8 20. Rdc1 Rxc3 21. bxc3 Rc8 22. Qd7 Qc6 23. Qf5 h6 24. h3 Ba3 25. Ne5 Qe6 26. Qxe6 fxe6 27. Rc2 Nc4 28. Nxc4 Rxc4 29. Kf1 Kf7 30. Ke2 b5 31. Kd3 Ke7 32. Re2 Bd6 33. Bc1 Kf6 34. f4 Ra4 35. g4 Ba3 36. g5+ hxg5 37. fxg5+ Kf7 38. Bf4 Be7 39. h4 g6 40. Bc1 a6 41. Rf2+ Kg7 42. Bf4 Ra3 43. Bc1 Ra4 44. Rh2 Ba3 45. Bf4 Be7 46. Be5+ Kg8 47. h5 Kh7 48. Bf4 gxh5 49. Re2 Kg6 50. Rxe6+ Kf5 51. Rxe7 Kxf4 52. g6 Rxa2 53. Rf7+ 1-0

[Event "Santa Teresita op 1st"]
[Site "Santa Teresita"]
[Date "2016.11.13"]
[Round "6"]
[White "Apdepnur, Guillermo"]
[Black "Romero, Fabian"]
[Result "1/2-1/2"]
[WhiteElo "1549"]
[BlackElo "1862"]
[PlyCount "58"]
[EventDate "2016.11.11"]
[EventType "swiss"]
[EventRounds "6"]
[EventCountry "ARG"]
[SourceTitle "CBM 175 Extra"]
[Source "ChessBase"]
[SourceDate "2016.12.12"]
[SourceVersion "1"]
[SourceVersionDate "2016.12.12"]
[SourceQuality "1"]

1. e4 c5 2. Nf3 d6 3. Bc4 Nf6 4. d3 g6 5. Nc3 Bg7 6. h3 0-0 7. 0-0 Nc6 8. Be3 a6 9. d4 cxd4 10. Nxd4 Ne5 11. Bb3 b5 12. f4 Ned7 13. Qf3 Bb7 14. f5 Nxe4 15. Nxe4 Nc5 16. fxg6 hxg6 17. Bxf7+ Kh8 18. Qg4 Rxf7 19. Rxf7 Bxe4 20. Ne6 Nxe6 21. Qxe4 Nf8 22. Raf1 e5 23. Bg5 Qe8 24. Bf6 Qxf7 25. Bxg7+ Qxg7 26. Qxa8 Kg8 27. Qd5+ Kh8 28. Qa8 Kg8 29. Qd5+ Kh8 1/2-1/2

[Event "Santa Teresita op 1st"]
[Site "Santa Teresita"]
[Date "2016.11.12"]
[Round "3"]
[White "Mazur, Mario"]
[Black "Romero, Fabian"]
[Result "1-0"]
[WhiteElo "1974"]
[BlackElo "1862"]
[PlyCount "107"]
[EventDate "2016.11.11"]
[EventType "swiss"]
[EventRounds "6"]
[EventCountry "ARG"]
[SourceTitle "CBM 175 Extra"]
[Source "ChessBase"]
[SourceDate "2016.12.12"]
[SourceVersion "1"]
[SourceVersionDate "2016.12.12"]
[SourceQuality "1"]

1. e4 d5 2. exd5 Nf6 3. Nc3 Nxd5 4. Qf3 Nf6 5. Bb5+ c6 6. Ba4 Bg4 7. Qe3 Nbd7 8. f3 Bh5 9. Nge2 e5 10. d4 Bd6 11. Bd2 0-0 12. 0-0-0 a5 13. Bb3 b5 14. a4 exd4 15. Qxd4 Be5 16. Qf2 Qc7 17. g4 Bg6 18. g5 Nd5 19. f4 Bd6 20. f5 Nxc3 21. Bxc3 Bh5 22. Qd4 Be5 23. Qxd7 Bf4+ 24. Nxf4 Qxf4+ 25. Bd2 Qh4 26. g6 Bxd1 27. Bxf7+ Kh8 28. Rxd1 Qxa4 29. Kb1 Rad8 30. Qe7 Qg4 31. Qe1 Rd4 32. Rc1 Qxf5 33. Qe7 Rfd8 34. Bxa5 Ra8 35. Bc3 Rd7 36. Qe5 Qxe5 37. Bxe5 hxg6 38. Bxg6 Rd5 39. Bc3 Rg5 40. Be4 Ra6 41. Rd1 Kg8 42. b3 c5 43. h4 Rg4 44. Bd5+ Kh7 45. h5 c4 46. bxc4 bxc4 47. Rd4 Rg1+ 48. Kb2 Rb6+ 49. Ka3 Rh6 50. Be4+ Kh8 51. Bb2 Rb6 52. Rd7 Rg5 53. Ka2 Rb8 54. Bxg7+ 1-0

[Event "ARG-ch qual Amateur U2300"]
[Site "Pinamar"]
[Date "2016.08.27"]
[Round "3"]
[White "Tumini, Leandro"]
[Black "Romero, Fabian"]
[Result "1-0"]
[WhiteElo "2181"]
[BlackElo "1854"]
[PlyCount "111"]
[EventDate "2016.08.26"]
[EventType "swiss"]
[EventRounds "6"]
[EventCountry "ARG"]
[SourceTitle "EXT 2024"]
[Source "ChessBase"]
[SourceDate "2023.10.10"]
[SourceVersion "1"]
[SourceVersionDate "2023.10.10"]
[SourceQuality "1"]

1. d4 e6 2. e4 b6 3. Nf3 Bb7 4. Bd3 g6 5. Bg5 f6 6. Bf4 Bg7 7. h4 Nc6 8. c3 Qe7 9. Qe2 0-0-0 10. Ba6 d5 11. e5 h6 12. Nbd2 g5 13. exf6 Qxf6 14. Bg3 Nge7 15. Ne5 Qf5 16. Bd3 Qf6 17. 0-0-0 Nf5 18. Nxc6 Bxc6 19. Be5 Qf7 20. h5 Bxe5 21. Qxe5 Nd6 22. Bg6 Qe7 23. Rde1 Rdf8 24. f3 Rf6 25. Re2 Rhf8 26. Rhe1 a5 27. Bd3 a4 28. c4 Nf7 29. Qe3 a3 30. b3 Qb4 31. Nb1 dxc4 32. Bxc4 Re8 33. Qd2 Qxd2+ 34. Kxd2 Bd7 35. Nxa3 Nd6 36. Bd3 Rd8 37. Nc2 Nb7 38. Ba6 c5 39. Kc3 Kc7 40. Bxb7 Kxb7 41. dxc5 bxc5 42. Rd2 Kc7 43. Ne3 Be8 44. Ng4 Rf4 45. Rxd8 Kxd8 46. Rh1 Rf8 47. Nxh6 Rh8 48. Ng4 Rxh5 49. Rxh5 Bxh5 50. Kc4 Bg6 51. Kxc5 Bd3 52. Kd6 Bb1 53. a3 Ba2 54. b4 Kc8 55. Nf6 Kb7 56. Ne4 1-0

[Event "Pinamar U2200 op"]
[Site "Pinamar"]
[Date "2015.11.08"]
[Round "5.4"]
[White "Renkine, Ivan"]
[Black "Romero, Fabian"]
[Result "1-0"]
[WhiteElo "1787"]
[BlackElo "1911"]
[PlyCount "31"]
[EventDate "2015.11.07"]
[EventType "swiss"]
[EventRounds "6"]
[EventCountry "ARG"]
[SourceTitle "EXT 2024"]
[Source "ChessBase"]
[SourceDate "2023.10.10"]
[SourceVersion "1"]
[SourceVersionDate "2023.10.10"]
[SourceQuality "1"]

1. f4 e5 2. e4 exf4 3. Bc4 Qh4+ 4. Kf1 d6 5. Nf3 Bg4 6. d4 Nf6 7. Nbd2 Be7 8. c3 Bxf3 9. Nxf3 Qh6 10. Qb3 0-0 11. Qxb7 Nbd7 12. e5 dxe5 13. dxe5 Nh5 14. Rg1 Bc5 15. Nh4 Nxe5 16. Qd5 1-0

[Event "ARG-ch qual U2000"]
[Site "Buenos Aires"]
[Date "2015.08.02"]
[Round "4.1"]
[White "Romero, Fabian"]
[Black "Sosa, Adrian"]
[Result "1-0"]
[WhiteElo "1872"]
[BlackElo "1663"]
[PlyCount "59"]
[EventDate "2015.08.01"]
[EventType "swiss"]
[EventRounds "6"]
[EventCountry "ARG"]
[SourceTitle "EXT 2024"]
[Source "ChessBase"]
[SourceDate "2023.10.10"]
[SourceVersion "1"]
[SourceVersionDate "2023.10.10"]
[SourceQuality "1"]

1. Nc3 Nf6 2. e4 d6 3. Bc4 g6 4. f4 Bg7 5. d3 a6 6. Nf3 b5 7. Bb3 c5 8. 0-0 0-0 9. e5 Ng4 10. Ng5 dxe5 11. Qf3 exf4 12. Bxf4 Qd4+ 13. Kh1 Nc6 14. Qxc6 Bf5 15. Bxf7+ Kh8 16. Qf3 h6 17. Ne6 Bxe6 18. Bxe6 Ne5 19. Qe4 Qxe4 20. Nxe4 Nc6 21. c3 b4 22. Bd2 Rxf1+ 23. Rxf1 bxc3 24. Bxc3 Nd4 25. Nxc5 Rb8 26. h3 Rb5 27. Rf7 Rxc5 28. Rxg7 Ne2 29. Rg8+ Kh7 30. Rh8# 1-0

[Event "Pinamar op"]
[Site "Pinamar"]
[Date "2015.04.25"]
[Round "4"]
[White "Gonzalez Resquin, Diego"]
[Black "Romero, Fabian"]
[Result "0-1"]
[WhiteElo "1747"]
[BlackElo "1888"]
[PlyCount "54"]
[EventDate "2015.04.24"]
[EventType "swiss"]
[EventRounds "6"]
[EventCountry "ARG"]
[SourceTitle "CBM 166 Extra"]
[Source "ChessBase"]
[SourceDate "2015.06.18"]
[SourceVersion "1"]
[SourceVersionDate "2015.06.18"]
[SourceQuality "1"]

1. Nf3 d5 2. c4 d4 3. b3 Qd6 4. g3 e5 5. Bb2 c5 6. Bg2 e4 7. Ng5 f5 8. h4 Nf6 9. Nh3 Qc7 10. e3 Nc6 11. 0-0 Bd6 12. a3 Ng4 13. Nf4 h6 14. h5 Bxf4 15. exf4 Qf7 16. f3 Nf6 17. Qe1 Qxh5 18. Kf2 0-0 19. Rh1 Qe8 20. Bh3 Qf7 21. Qg1 Na5 22. Qd1 b5 23. Bf1 exf3 24. Rh4 Ng4+ 25. Kg1 f2+ 26. Kh1 Bb7+ 27. Bg2 Bxg2+ 0-1

[Event "Villa Gesell Playas U2200 op"]
[Site "Villa Gesell"]
[Date "2014.08.17"]
[Round "5.4"]
[White "Romero, Fabian"]
[Black "Gonzalez Resquin, Diego"]
[Result "1-0"]
[WhiteElo "1922"]
[BlackElo "1736"]
[PlyCount "61"]
[EventDate "2014.08.16"]
[EventType "swiss"]
[EventRounds "7"]
[EventCountry "ARG"]
[SourceTitle "EXT 2024"]
[Source "ChessBase"]
[SourceDate "2023.10.10"]
[SourceVersion "1"]
[SourceVersionDate "2023.10.10"]
[SourceQuality "1"]

1. e4 c5 2. Nf3 g6 3. d4 cxd4 4. Qxd4 Nf6 5. e5 Nc6 6. Qh4 Nxe5 7. Nxe5 Qa5+ 8. Nc3 Qxe5+ 9. Be2 Bg7 10. Bf4 Qa5 11. 0-0 0-0 12. Rad1 d6 13. Bf3 Qf5 14. Rfe1 Be6 15. Nb5 Rac8 16. Nd4 Qa5 17. Nxe6 fxe6 18. Rxe6 Rc7 19. a3 Re8 20. h3 Qf5 21. Rde1 Qxc2 22. Bxd6 Rc4 23. Qg5 Qxb2 24. Bxe7 Qd4 25. Bxf6 Bxf6 26. Rxe8+ Kg7 27. R1e7+ Bxe7 28. Rxe7+ Kf8 29. Rxb7 Qa1+ 30. Kh2 Qxa3 31. Qd8# 1-0

[Event "American Continental 08th"]
[Site "Mar del Plata"]
[Date "2012.10.15"]
[Round "5"]
[White "Mendez, Nicolas"]
[Black "Romero, Fabian"]
[Result "1-0"]
[WhiteElo "1744"]
[BlackElo "2058"]
[PlyCount "59"]
[EventDate "2012.10.12"]
[EventType "swiss"]
[EventRounds "11"]
[EventCountry "ARG"]
[SourceTitle "EXT 2013"]
[Source "ChessBase"]
[SourceDate "2012.11.22"]
[SourceVersion "1"]
[SourceVersionDate "2012.11.22"]
[SourceQuality "1"]

1. c4 e6 2. b3 Qf6 3. Nc3 d5 4. cxd5 exd5 5. Bb2 c6 6. Qc1 Qd8 7. g3 Nf6 8. Bg2 Bf5 9. d3 d4 10. Nb1 Bb4+ 11. Nd2 Qe7 12. Qc4 Bxd2+ 13. Kxd2 0-0 14. Bxd4 Nbd7 15. Re1 Qa3 16. Qa4 Qxa4 17. bxa4 Rfd8 18. Rb1 Nb6 19. Nf3 Nc4+ 20. Kc1 Nb6 21. a5 Nbd7 22. Rxb7 Rdb8 23. a6 Nb6 24. Bxf6 gxf6 25. Nd4 Bd7 26. a4 Nxa4 27. Rxd7 Rb6 28. Bxc6 Rc8 29. Kd2 Rxa6 30. Bb7 1-0